"Friends" Cameos - Statistics

General Stats
  • This quiz has been taken 126 times
  • The average score is 24 of 64
Answer Stats
Initials Hint Actor % Correct
BW Die Hard Bruce Willis
95%
JR Pretty Woman Julia Roberts
89%
BP Once Upon a Time in Hollywood Brad Pitt
88%
GC Ocean's Eleven George Clooney
88%
RW Mrs. Doubtfire Robin Williams
87%
BS Zoolander Ben Stiller
86%
CS Two and a Half Men Charlie Sheen
82%
PR Ant Man Paul Rudd
77%
RW Big Little Lies Reese Witherspoon
67%
SS Thelma & Louise Susan Sarandon
67%
TS Magnum, P.I. Tom Selleck
65%
HL House Hugh Laurie
64%
JCVD Bloodsport Jean-Claude Van Damme
64%
WR Beetlejuice Winona Ryder
64%
BC When Harry Met Sally Billy Crystal
63%
BS The Blue Lagoon Brooke Shields
60%
AB 30 Rock Alec Baldwin
58%
DD It's Always Sunny in Philadelphia Danny DeVito
58%
CA Dead to Me Christina Applegate
57%
FPJ She's All That Freddie Prinze Jr.
57%
CH Ben-Hur Charlton Heston
54%
HH Mad About You Helen Hunt
53%
SP Mystic River Sean Penn
53%
JG Jurassic Park Jeff Goldblum
51%
KT Romancing the Stone Kathleen Turner
49%
DA Scream David Arquette
47%
GO The Darkest Hour Gary Oldman
47%
AF Scary Movie Anna Faris
45%
IR Blue Velvet Isabella Rossellini
37%
EP Grey's Anatomy Ellen Pompeo
34%
SF Prince Andrew Sarah Ferguson
33%
EM Fashion Star Elle Macpherson
32%
JS Full House John Stamos
32%
AG The Goldbergs Adam Goldberg
31%
KD Sex and the City Kristin Davis
29%
CS Riverdale Cole Sprouse
27%
DR Wild Things Denise Richards
27%
DM My Best Friend's Wedding Dermot Mulroney
27%
RB Virgin Group Richard Branson
27%
JA Seinfeld Jason Alexander
23%
SB Cruel Intentions Selma Blair
22%
DF I Am Sam Dakota Fanning
21%
LR The King of Queens Leah Remini
20%
GK As Good As It Gets Greg Kinnear
18%
MF Flamingo Road Morgan Fairchild
14%
CT Dodgeball Christine Taylor
12%
JC American Pie Jennifer Coolidge
12%
GU Bad Boys II Gabrielle Union
11%
AT Archer Aisha Tyler
8%
JL The Benchwarmers Jon Lovitz
8%
SZ Diary Of A Wimpy Kid Steve Zahn
8%
TG Young Frankenstein Teri Garr
8%
EC CSI: NY Eddie Cahill
7%
SMF Punky Brewster Soleil Moon Frye
7%
NW Falling Skies Noah Wyle
6%
BB Gosford Park Bob Balaban
4%
RR The Librarians Rebecca Romijn
4%
DM Younger Debi Mazar
3%
JR Community Jim Rash
3%
JO Parks and Recreation Jim O'Heir
1%
MV Alias Michael Vartan
1%
PB The Bob Newhart Show Peter Bonerz
1%
DB The Baker and the Beauty Dan Bucatinsky
0%
JF Iron Man Jon Fraveau
0%
No matching quizzes found
Score Distribution
Percent of People with Each Score
Percentile by Number Answered
Your Score History
You have not taken this quiz